000 00306nam a22001337a 4500
008 170215b xxu||||| |||| 00| 0 eng d
020 _a9780801677892
041 _aeng
080 _26TH
_a61
100 _a4
101 _aSHM
245 _aMANUAL OF PULMONARY FUNCTION TESTING
_cRUPPEL, G
942 _2udc
_cBK
999 _c5516
_d5516